Los santos patronos de Madrid (Record no. 13470)

MARC details
000 -LEADER
campo de control de longitud fija 00948nam a2200265 i 4500
001 - NÚMERO DE CONTROL
campo de control 13470
003 - IDENTIFICADOR DE NÚMERO DE CONTROL
campo de control ES-MaACL
005 - FECHA Y HORA DE LA ÚLTIMA TRANSACCIÓN
campo de control 20250928103902.0
007 - CAMPO FIJO DE DESCRIPCIÓN FÍSICA--INFORMACIÓN GENERAL
campo de control de longitud fija t|
008 - DATOS DE LONGITUD FIJA--INFORMACIÓN GENERAL
campo de control de longitud fija 980415s1962 sp ||||1| spa d
080 ## - NÚMERO DE LA CLASIFICACIÓN DECIMAL UNIVERSAL
Número de la Clasificación Decimal Universal 929 Isidro, Santo
080 ## - NÚMERO DE LA CLASIFICACIÓN DECIMAL UNIVERSAL
Número de la Clasificación Decimal Universal 929 María de la Cabeza, Santa
080 ## - NÚMERO DE LA CLASIFICACIÓN DECIMAL UNIVERSAL
Número de la Clasificación Decimal Universal 235.3(464.1 M.)(064.3)
245 04 - MENCIÓN DEL TÍTULO
Título Los santos patronos de Madrid
Resto del título : [Exposición, Museo Municipal de Madrid, mayo-julio 1962].
260 ## - PUBLICACIÓN, DISTRIBUCIÓN, ETC.
Lugar de publicación, distribución, etc. Madrid :
Nombre del editor, distribuidor, etc. Ayuntamiento de Madrid,
Fecha de publicación, distribución, etc. 1962.
300 ## - DESCRIPCIÓN FÍSICA
Extensión 32 p.,[20] p. de lám. ;
Dimensiones 22 cm.
600 04 - PUNTO DE ACCESO ADICIONAL DE MATERIA--NOMBRE DE PERSONA
Nombre de persona Isidro,
Títulos y otros términos asociados al nombre Santo-
Subdivisión general Culto-
Subdivisión geográfica Madrid-
Subdivisión de forma Exposiciones
9 (RLIN) 65571
600 14 - PUNTO DE ACCESO ADICIONAL DE MATERIA--NOMBRE DE PERSONA
Nombre de persona María de la Cabeza
Títulos y otros términos asociados al nombre Santa-
Subdivisión general Culto-
Subdivisión geográfica Madrid-
Subdivisión de forma Exposiciones.
9 (RLIN) 76662
655 #7 - TERMINO DE INDIZACIÓN--GENERO/FORMA
Fuente del término tgfbne
9 (RLIN) 193628
Datos o término principal de género/forma Catálogos de exposiciones
710 2# - ENTRADA AGREGADA--NOMBRE DE ENTIDAD CORPORATIVA
Nombre de entidad corporativa o nombre de jurisdicción como elemento de entrada Museo Municipal de Madrid
9 (RLIN) 5892
710 1# - ENTRADA AGREGADA--NOMBRE DE ENTIDAD CORPORATIVA
Nombre de entidad corporativa o nombre de jurisdicción como elemento de entrada Madrid.
Unidad subordinada Ayuntamiento
9 (RLIN) 234069
852 ## - LOCALIZACIÓN
Ubicación ES-MaACL
Número de control de estantería L-20799
Sublocalización o colección R.126519
942 ## - ELEMENTOS DE ENTRADA SECUNDARIOS (KOHA)
Fuente del sistema de clasificación o colocación Clasificación decimal universal
Holdings
Estatus retirado Estado de pérdida Estado de daño No para préstamo Biblioteca de origen Biblioteca actual Ubicación en estantería Fecha de adquisición Fuente de adquisición Total de préstamos Signatura topográfica completa Código de barras Visto por última vez Precio de reemplazo Tipo de ítem Koha
        Biblioteca del Ateneo de Madrid Biblioteca del Ateneo de Madrid Depósito 2 17/01/2008     L-20799 1013713 23/02/2023 23/02/2023 Libro impreso